| 000 | 01014nam a2200253 a 4500 | ||
|---|---|---|---|
| 001 | 65442 | ||
| 003 | BD-RjUL | ||
| 005 | 20211209081428.0 | ||
| 008 | 170306s1989 bg a|||| |||| 00| 0 ben d | ||
| 020 | _c Tk. : 15.00 | ||
| 035 | _a(BD-RjUL)65572 | ||
| 040 |
_aBD-RjUL _bben _cBD-RjUL |
||
| 041 | _aben | ||
| 082 |
_223 _a891.44092 _bRAR 1989 |
||
| 100 | 1 |
_aরশীদ, ইমামুর _9175786 |
|
| 245 | 1 | 0 |
_aরওশন ইজদানী : _b১৯১৭-১৯৬৭ / _cইমামুর রশীদ. |
| 260 |
_aঢাকা, বাংলাদেশ : _bবাংলা একাডেমী, _c১৯৮৯. |
||
| 300 |
_a১৩৩ পৃ. _bচিত্র ; _c২২ সেমি. |
||
| 490 | _aজীবনী গ্রন্থমালা | ||
| 600 |
_aইজদানী, রওশন _d১৯১৭-১৯৬৭ _xজীবনী _9193686 |
||
| 600 |
_aIjadani, Raushan _d1917-1967 _xBiography _9193687 |
||
| 830 |
_aজীবনী গ্রন্থমালা _9193688 |
||
| 942 |
_2ddc _cBK |
||
| 999 |
_c65442 _d65442 |
||